<?xml version="1.0" encoding="UTF-8"?>
<record
    xmlns:xsi="http://www.w3.org/2001/XMLSchema-instance"
    xsi:schemaLocation="http://www.loc.gov/MARC21/slim http://www.loc.gov/standards/marcxml/schema/MARC21slim.xsd"
    xmlns="http://www.loc.gov/MARC21/slim">

  <leader>01119nam a22002537a 4500</leader>
  <controlfield tag="005">20240530110549.0</controlfield>
  <controlfield tag="008">160625s2013    ua a|||g |||| 001 0 ara d</controlfield>
  <datafield tag="017" ind1=" " ind2=" ">
    <subfield code="a">2013/7394</subfield>
    <subfield code="b">&#x645;&#x635;&#x631;. &#x62F;&#x627;&#x631; &#x627;&#x644;&#x643;&#x62A;&#x628; &#x627;&#x644;&#x645;&#x635;&#x631;&#x64A;&#x629;</subfield>
  </datafield>
  <datafield tag="020" ind1=" " ind2=" ">
    <subfield code="a">9789773223076</subfield>
  </datafield>
  <datafield tag="040" ind1=" " ind2=" ">
    <subfield code="a">EG-CaGPL</subfield>
  </datafield>
  <datafield tag="082" ind1="0" ind2="4">
    <subfield code="a">576.88/</subfield>
    <subfield code="b">&#x627; &#x645;</subfield>
    <subfield code="2">21</subfield>
  </datafield>
  <datafield tag="100" ind1="0" ind2=" ">
    <subfield code="a">&#x627;&#x633;&#x645;&#x627;&#x639;&#x64A;&#x644; &#x645;&#x638;&#x647;&#x631;</subfield>
  </datafield>
  <datafield tag="245" ind1="1" ind2="0">
    <subfield code="a">&#x645;&#x644;&#x642;&#x649; &#x627;&#x644;&#x633;&#x628;&#x64A;&#x644; &#x641;&#x649; &#x645;&#x630;&#x647;&#x628; &#x627;&#x644;&#x646;&#x634;&#x648;&#x621; &#x648;&#x627;&#x644;&#x627;&#x631;&#x62A;&#x642;&#x627;&#x621; :</subfield>
    <subfield code="b">&#x648; &#x627;&#x62B;&#x631;&#x647; &#x641;&#x649; &#x627;&#x644;&#x627;&#x646;&#x642;&#x644;&#x627;&#x628; &#x627;&#x644;&#x641;&#x643;&#x631;&#x649; &#x627;&#x644;&#x62D;&#x62F;&#x64A;&#x62B; /</subfield>
    <subfield code="c">&#x62A;&#x623;&#x644;&#x64A;&#x641; &#x627;&#x633;&#x645;&#x627;&#x639;&#x64A;&#x644; &#x645;&#x638;&#x647;&#x631; &#x61B; &#x62A;&#x62D;&#x631;&#x64A;&#x631; &#x648;&#x62A;&#x642;&#x62F;&#x64A;&#x645; &#x627;&#x62D;&#x645;&#x62F; &#x627;&#x628;&#x631;&#x627;&#x647;&#x64A;&#x645; &#x627;&#x644;&#x647;&#x648;&#x627;&#x631;&#x649;.</subfield>
  </datafield>
  <datafield tag="250" ind1=" " ind2=" ">
    <subfield code="a">&#x637;. 1.</subfield>
  </datafield>
  <datafield tag="260" ind1=" " ind2=" ">
    <subfield code="a">&#x627;&#x644;&#x62C;&#x64A;&#x632;&#x629;&#x60C; &#x645;&#x635;&#x631; :</subfield>
    <subfield code="b">&#x639;&#x64A;&#x646; &#x644;&#x644;&#x62F;&#x627;&#x631;&#x633;&#x627;&#x62A; &#x648;&#x627;&#x644;&#x628;&#x62D;&#x648;&#x62B; &#x627;&#x644;&#x627;&#x646;&#x633;&#x627;&#x646;&#x64A;&#x629; &#x648;&#x627;&#x644;&#x627;&#x62C;&#x62A;&#x645;&#x627;&#x639;&#x64A;&#x629;&#x60C;</subfield>
    <subfield code="c">2013.</subfield>
  </datafield>
  <datafield tag="300" ind1=" " ind2=" ">
    <subfield code="a">353 &#x635;. :</subfield>
    <subfield code="b">&#x627;&#x64A;&#x636;. &#x61B;</subfield>
    <subfield code="c">24 &#x633;&#x645;.</subfield>
  </datafield>
  <datafield tag="490" ind1="0" ind2=" ">
    <subfield code="a">&#x645;&#x646; &#x630;&#x627;&#x643;&#x631;&#x629; &#x627;&#x644;&#x646;&#x647;&#x636;&#x629;</subfield>
  </datafield>
  <datafield tag="500" ind1=" " ind2=" ">
    <subfield code="a">&#x64A;&#x634;&#x62A;&#x645;&#x644; &#x639;&#x644;&#x649; &#x643;&#x634;&#x627;&#x641; &#x628;&#x627;&#x644;&#x627;&#x639;&#x644;&#x627;&#x645;.</subfield>
  </datafield>
  <datafield tag="500" ind1=" " ind2=" ">
    <subfield code="a">&#x64A;&#x634;&#x62A;&#x645;&#x644; &#x639;&#x644;&#x649; &#x645;&#x644;&#x627;&#x62D;&#x642;.</subfield>
  </datafield>
  <datafield tag="650" ind1="0" ind2="4">
    <subfield code="a">&#x627;&#x644;&#x646;&#x634;&#x648;&#x621; &#x648;&#x627;&#x644;&#x627;&#x631;&#x62A;&#x642;&#x627;&#x621;</subfield>
  </datafield>
  <datafield tag="700" ind1="1" ind2=" ">
    <subfield code="a">&#x627;&#x62D;&#x645;&#x62F; &#x627;&#x644;&#x647;&#x648;&#x631;&#x627;&#x649;</subfield>
    <subfield code="e">&#x645;&#x62D;&#x631;&#x631;.</subfield>
  </datafield>
  <datafield tag="942" ind1=" " ind2=" ">
    <subfield code="2">ddc</subfield>
    <subfield code="c">BK</subfield>
  </datafield>
  <datafield tag="999" ind1=" " ind2=" ">
    <subfield code="c">62427</subfield>
    <subfield code="d">62427</subfield>
  </datafield>
  <datafield tag="952" ind1=" " ind2=" ">
    <subfield code="0">0</subfield>
    <subfield code="1">0</subfield>
    <subfield code="4">0</subfield>
    <subfield code="7">0</subfield>
    <subfield code="a">CAI</subfield>
    <subfield code="b">CAI</subfield>
    <subfield code="d">2016-06-25</subfield>
    <subfield code="l">0</subfield>
    <subfield code="o">576.88/ &#x627; &#x645;</subfield>
    <subfield code="p">162153</subfield>
    <subfield code="r">2016-06-25 00:00:00</subfield>
    <subfield code="w">2016-06-25</subfield>
    <subfield code="y">BK</subfield>
  </datafield>
</record>
